000 00548nam a2200205Ia 4500
003 OSt
005 20220926041219.0
006 a|||||r|||| 00| 0
007 ta
008 220923b |||||||| |||| 00| 0 eng d
037 _cGeneral Book
040 _aRTL
_cRTL
_beng
041 _2eng
_aeng
082 _aY1:321, H6
100 _aSchmiedeler Edgar
_9344649
245 0 _aMarriage and the family
_b A text for a course on
260 _c1946
942 _hY1:321, H6
_cGB
_2CC
999 _c666647
_d666647